000 00673nam a2200253Ia 4500
003 OSt
005 20220925225435.0
006 a|||||r|||| 00| 0
007 ta
008 220923b |||||||| |||| 00| 0 eng d
020 _a061954384
037 _cGeneral Book
040 _aRTL
_cRTL
_beng
041 _2eng
_aeng
082 _aX:1, N7
100 _aMacky Hugh
_9292424
245 0 _aConsumption and everyday life
260 _aLondon
_bSage Publication
_c1997
300 _a320p.
_ccm.
490 _aCulture, Media and Identities
650 _aConsumption Economics
942 _hX:1, N7
_cGB
_2CC
999 _c583509
_d583509